Meister der Tischtennis Bundesliga - Statistiken

Allgemein
  • Dieses Quiz wurde 170 mal gespielt
    58 seit der letzten Aktualisierung
  • Das Durchschnittsergebnis liegt bei 55 aus 86
Antwortstatistiken
Jahr Verein % Korrekt
1960/61 Borussia Düsseldorf
98%
1968/69 Borussia Düsseldorf
98%
1969/70 Borussia Düsseldorf
98%
1970/71 Borussia Düsseldorf
98%
1973/74 Borussia Düsseldorf
98%
1974/75 Borussia Düsseldorf
98%
1977/78 Borussia Düsseldorf
98%
1978/79 Borussia Düsseldorf
98%
1979/80 Borussia Düsseldorf
98%
1980/81 Borussia Düsseldorf
98%
1981/82 Borussia Düsseldorf
98%
1985/86 Borussia Düsseldorf
98%
1987/88 Borussia Düsseldorf
98%
1989/90 Borussia Düsseldorf
98%
1991/92 Borussia Düsseldorf
98%
1992/93 Borussia Düsseldorf
98%
1994/95 Borussia Düsseldorf
98%
1995/96 Borussia Düsseldorf
98%
1997/98 Borussia Düsseldorf
98%
2002/03 Borussia Düsseldorf
98%
2007/08 Borussia Düsseldorf
98%
2008/09 Borussia Düsseldorf
98%
2009/10 Borussia Düsseldorf
98%
2010/11 Borussia Düsseldorf
98%
2011/12 Borussia Düsseldorf
98%
2013/14 Borussia Düsseldorf
98%
2014/15 Borussia Düsseldorf
98%
2015/16 Borussia Düsseldorf
98%
2016/17 Borussia Düsseldorf
98%
2017/18 Borussia Düsseldorf
98%
2020/21 Borussia Düsseldorf
98%
2021/22 Borussia Düsseldorf
98%
2022/23 Borussia Düsseldorf
98%
2023/24 Borussia Düsseldorf
98%
1961/62 TuSa 08 Düsseldorf
98%
1962/63 TuSa 08 Düsseldorf
98%
1963/64 TuSa 08 Düsseldorf
98%
1964/65 TuSa 08 Düsseldorf
98%
1966/67 TuSa 08 Düsseldorf
98%
1988/89 1. FC Saarbrücken
82%
2019/20 1. FC Saarbrücken
82%
1982/83 ATSV Saarbrücken
82%
1983/84 ATSV Saarbrücken
82%
1984/85 ATSV Saarbrücken
82%
1996/97 TTF Liebherr Ochsenhausen
63%
1999/00 TTF Liebherr Ochsenhausen
63%
2003/04 TTF Liebherr Ochsenhausen
63%
2018/19 TTF Liebherr Ochsenhausen
63%
2024/25 TTF Liebherr Ochsenhausen
63%
2012/13 SV Werder Bremen
59%
1935/36 BSG Osram Berlin
49%
1934/35 TTC Friedenau-Berlin
49%
1933/34 TTC Gelb-Weiß Berlin
49%
1986/87 TTC Zugbrücke Grenzau
43%
1990/91 TTC Zugbrücke Grenzau
43%
1993/94 TTC Zugbrücke Grenzau
43%
1998/99 TTC Zugbrücke Grenzau
43%
2000/01 TTC Zugbrücke Grenzau
43%
2001/02 TTC Zugbrücke Grenzau
43%
1936/37 Hamburger SV
41%
1937/38 Hamburger SV
41%
1946/47 MTV München 1879
37%
1947/48 MTV München 1879
37%
1948/49 MTV München 1879
37%
1949/50 MTV München 1879
37%
1950/51 MTV München 1879
37%
1952/53 MTV München 1879
37%
1953/54 MTV München 1879
37%
1932/33 Kieler TTK Grün-Weiß
18%
2005/06 TTC matec Frickenhausen
14%
2006/07 TTC matec Frickenhausen
14%
2004/05 Müller Würzburger Hofbräu
8%
1938/39 Post SV Wien
8%
1976/77 SSV Reutlingen 05
8%
1972/73 TTC Altena
6%
1975/76 TTC Altena
6%
1965/66 VfL Osnabrück
4%
1967/68 VfL Osnabrück
4%
1971/72 Mettmanner TV
2%
1951/52 TSV Milbertshofen
2%
1957/58 TSV Milbertshofen
2%
1954/55 TTC Mörfelden
2%
1955/56 TTC Mörfelden
2%
1956/57 TTC Mörfelden
2%
1959/60 TTC Mörfelden
2%
1958/59 TTV Metelen
2%
Keine übereinstimmenden Quizze gefunden
Verteilung der Resultate
Anzahl Personen mit jedem Resultat
Perzentil nach korrekt beantworteten Fragen
Ihre Resultats-Entwicklung
Sie haben dieses Quiz seit der letzten Aktualisierung nicht gespielt